000 00460nam a2200181Ia 4500
005 20240823011459.0
008 240823s9999||||xx |||||||||||||| ||und||
041 _aENGLISH
082 _A006.4 P0
100 _a"Gose,Earl [et al]"
245 0 _aPattern recognition and Image Analysis
250 _a1st
260 _c2000
_b"PHI,New Delhi"
500 _aTRANSFERED
650 _aComputer Science
_bInformation Technology
942 _cBK
999 _c161658
_d161658